Представление документа в формате MARC21

ПолеНазваниеЗначение
  Тип записи a
  Библиографический уровень m
001 Контрольный номер RU/URAIT/587787
005 Дата корректировки 20260429163621.3
008 Кодируемые данные 260429s2026 RU y f j 000 0 rus u
020 Индекс ISBN __
a ISBN 978-5-534-12244-2
c Цена, тираж 1369.00
040 Источник каталогиз. __
a Служба первич. каталог. ИКО Юрайт
c Служба, преобразующая запись ИКО Юрайт
e Правила каталог. RCR
041 Код языка издания __
a Код языка текста rus
044 Код страны публикации __
a Код страны публикации RU
080 Индекс УДК __
a Индекс УДК 33(075.8)
084 Индекс другой классификации/Индекс ББК __
2 Источник индекса rubbk
a Индекс другой классификации/Индекс ББК 65.01я73
100 Автор __
a Автор Вакуленко Е. С.
q Полное имя Вакуленко Елена Сергеевна
245 Заглавие __
a Заглавие Эконометрика (продвинутый курс). Применение пакета Stata
b Продолж. заглавия учебник для вузов
c Ответственность Е. С. Вакуленко, Т. А. Ратникова, К. К. Фурманов.
256 Характеристики компьютерного файла __
a Характеристики компьютерного файла Электрон. дан.
260 Выходные данные __
a Место издания Москва
b Издательство Юрайт
c Дата издания 2026
300 Физическое описание __
a Объем 246 с
440 Серия __
a Серия Высшее образование
500 Примечания __
a Примечание URL: https://urait.ru/bcode/587787 (дата обращения: 29.04.2026).
520 Аннотация __
a Аннотация Данное учебное пособие посвящено описанию примеров решения типичных прикладных задач с помощью программных кодов, написанных для эконометрического пакета Stata. В пособии показано на примерах оценивания эконометрических моделей по разнообразным типам данных, как можно более эффективно пользоваться возможностями пакета Stata при построении регрессионных моделей, их тестировании и визуализации полученных результатов. На современном российском книжном рынке в настоящий момент учебного пособия, аналогичного предлагаемому, адресованного магистрантам, аспирантам и исследователям, пока нет. Цель пособия — предложить читателю пример глубокой содержательной интерпретации полученных результатов и, что еще более важно, показать читателю возможные подходы к построению стратегии исследования. Соответствует актуальным требованиям Федерального государственного образовательного стандарта высшего образования. Для студентов, аспирантов и исследователей, специализирующихся в областях математических методов анализа экономики, микро- и макроэкономического анализа, экономики фирм, анализа потребительского поведения населения, исследований рынка труда.
538 Прим. о системных особенностях __
a Прим. о системных особенностях Режим доступа: Электронно-библиотечная система Юрайт, для авториз. пользователей
653 Ключевые слова __
a Ключевые слова Эконометрика. Финансовая математика
653 Ключевые слова __
a Ключевые слова Математика и статистика
653 Ключевые слова __
a Ключевые слова Эконометрика
653 Ключевые слова __
a Ключевые слова Эконометрическое моделирование
653 Ключевые слова __
a Ключевые слова Эконометрика (продвинутый курс)
653 Ключевые слова __
a Ключевые слова Прикладной эконометрический анализ
653 Ключевые слова __
a Ключевые слова Основы эконометрики
653 Ключевые слова __
a Ключевые слова Прикладная микроэконометрика
653 Ключевые слова __
a Ключевые слова Анализ категориальных данных в пакете STATA
653 Ключевые слова __
a Ключевые слова Микроэконометрика качественных данных
653 Ключевые слова __
a Ключевые слова Микроэконометрика панельных данных
653 Ключевые слова __
a Ключевые слова Нечетко-вероятностный анализ в финансах, эконометрике и оптимизации
653 Ключевые слова __
a Ключевые слова Эконометрика (продвинутый уровень)
653 Ключевые слова __
a Ключевые слова Введение в эконометрику
653 Ключевые слова __
a Ключевые слова Эконометрика и статистика случайных процессов
653 Ключевые слова __
a Ключевые слова Эконометрическое прогнозирование
653 Ключевые слова __
a Ключевые слова Прикладная статистика и основы эконометрики
653 Ключевые слова __
a Ключевые слова Макроэконометрика и численное моделирование
653 Ключевые слова __
a Ключевые слова Эконометрический анализ данных
653 Ключевые слова __
a Ключевые слова Эконометрические модели
653 Ключевые слова __
a Ключевые слова Основы эконометрического моделирования
653 Ключевые слова __
a Ключевые слова Прикладная эконометрика
653 Ключевые слова __
a Ключевые слова Микроэконометрическое моделирование
653 Ключевые слова __
a Ключевые слова Эконометрический анализ
653 Ключевые слова __
a Ключевые слова Макроэкономическая статистика и эконометрика
653 Ключевые слова __
a Ключевые слова Эконометрика пространственных данных
653 Ключевые слова __
a Ключевые слова Современные эконометрические методы обработки информации
653 Ключевые слова __
a Ключевые слова Эконометрическое моделирование и прогнозирование в EViews и STATA
653 Ключевые слова __
a Ключевые слова Эконометрическое моделирование и прогнозирование в экономике
653 Ключевые слова __
a Ключевые слова Приложения эконометрики в технике и экономике
653 Ключевые слова __
a Ключевые слова Эконометрические исследования
653 Ключевые слова __
a Ключевые слова Статистика. Эконометрика
653 Ключевые слова __
a Ключевые слова Статистические и эконометрические методы анализа рынка
653 Ключевые слова __
a Ключевые слова Эконометрика и анализ больших данных в маркетинге
653 Ключевые слова __
a Ключевые слова Эконометрика и анализ экономических данных
653 Ключевые слова __
a Ключевые слова Эконометрика и технологии больших данных
653 Ключевые слова __
a Ключевые слова Прикладная эконометрика (продвинутый уровень)
653 Ключевые слова __
a Ключевые слова Эконометрические методы анализа финансово-экономических процессов
653 Ключевые слова __
a Ключевые слова Модели и методы эконометрики
653 Ключевые слова __
a Ключевые слова Экономическая статистика и эконометрика. Дополнительные главы
653 Ключевые слова __
a Ключевые слова Прикладные задачи эконометрики
653 Ключевые слова __
a Ключевые слова Эконометрическое моделирование и прогнозирование
653 Ключевые слова __
a Ключевые слова Эконометрика и ее применение в научных исследованиях
653 Ключевые слова __
a Ключевые слова Прикладная статистика, в т.ч. Эконометрика
653 Ключевые слова __
a Ключевые слова Прикладные эконометрические модели
653 Ключевые слова __
a Ключевые слова Эконометрические методы исследования и прогнозирования
653 Ключевые слова __
a Ключевые слова Методы эконометрического моделирования
653 Ключевые слова __
a Ключевые слова Прикладная эконометрика для финансового посредничества
653 Ключевые слова __
a Ключевые слова Современные эконометрические методы
653 Ключевые слова __
a Ключевые слова Статистика и эконометрика
653 Ключевые слова __
a Ключевые слова Эконометрическое моделирование неполных данных
700 Другие авторы __
a Другие авторы Ратникова Т. А.
q Полное имя Ратникова Татьяна Анатольевна
700 Другие авторы __
a Другие авторы Фурманов К. К.
q Полное имя Фурманов Кирилл Константинович
856 Электронный адрес документа 40
n Местонахождение сервера Юрайт
g Электронная книга
q Тип электронного формата html
h Имя пользователя ЮРАЙТ
v Часы доступа к ресурсу 20271231
2 Способ доступа Показать документ
x Служебное примечание https://urait.ru/book/cover/51F8AD65-0B90-4893-BB11-912BF1E1883D
u URL https://urait.ru/bcode/587787
856 Электронный адрес документа 48
q Тип электронного формата cover
u URL https://urait.ru/book/cover/51F8AD65-0B90-4893-BB11-912BF1E1883D
911 __
u 0030=https://urait.ru/bcode/587787
911 __
u 073a=9785534122442
u 073d=1369.00
911 __
u 106a=s
911 __
u 900l=
952 Тип литературы __
i Дисциплина Эконометрика
952 Тип литературы __
i Дисциплина Эконометрическое моделирование
952 Тип литературы __
i Дисциплина Эконометрика (продвинутый курс)
952 Тип литературы __
i Дисциплина Прикладной эконометрический анализ
952 Тип литературы __
i Дисциплина Основы эконометрики
952 Тип литературы __
i Дисциплина Прикладная микроэконометрика
952 Тип литературы __
i Дисциплина Анализ категориальных данных в пакете STATA
952 Тип литературы __
i Дисциплина Микроэконометрика качественных данных
952 Тип литературы __
i Дисциплина Микроэконометрика панельных данных
952 Тип литературы __
i Дисциплина Нечетко-вероятностный анализ в финансах, эконометрике и оптимизации
952 Тип литературы __
i Дисциплина Эконометрика (продвинутый уровень)
952 Тип литературы __
i Дисциплина Введение в эконометрику
952 Тип литературы __
i Дисциплина Эконометрика и статистика случайных процессов
952 Тип литературы __
i Дисциплина Эконометрическое прогнозирование
952 Тип литературы __
i Дисциплина Прикладная статистика и основы эконометрики
952 Тип литературы __
i Дисциплина Макроэконометрика и численное моделирование
952 Тип литературы __
i Дисциплина Эконометрический анализ данных
952 Тип литературы __
i Дисциплина Эконометрические модели
952 Тип литературы __
i Дисциплина Основы эконометрического моделирования
952 Тип литературы __
i Дисциплина Прикладная эконометрика
952 Тип литературы __
i Дисциплина Микроэконометрическое моделирование
952 Тип литературы __
i Дисциплина Эконометрический анализ
952 Тип литературы __
i Дисциплина Макроэкономическая статистика и эконометрика
952 Тип литературы __
i Дисциплина Эконометрика пространственных данных
952 Тип литературы __
i Дисциплина Современные эконометрические методы обработки информации
952 Тип литературы __
i Дисциплина Эконометрическое моделирование и прогнозирование в EViews и STATA
952 Тип литературы __
i Дисциплина Эконометрическое моделирование и прогнозирование в экономике
952 Тип литературы __
i Дисциплина Приложения эконометрики в технике и экономике
952 Тип литературы __
i Дисциплина Эконометрические исследования
952 Тип литературы __
i Дисциплина Статистика. Эконометрика
952 Тип литературы __
i Дисциплина Статистические и эконометрические методы анализа рынка
952 Тип литературы __
i Дисциплина Эконометрика и анализ больших данных в маркетинге
952 Тип литературы __
i Дисциплина Эконометрика и анализ экономических данных
952 Тип литературы __
i Дисциплина Эконометрика и технологии больших данных
952 Тип литературы __
i Дисциплина Прикладная эконометрика (продвинутый уровень)
952 Тип литературы __
i Дисциплина Эконометрические методы анализа финансово-экономических процессов
952 Тип литературы __
i Дисциплина Модели и методы эконометрики
952 Тип литературы __
i Дисциплина Экономическая статистика и эконометрика. Дополнительные главы
952 Тип литературы __
i Дисциплина Прикладные задачи эконометрики
952 Тип литературы __
i Дисциплина Эконометрическое моделирование и прогнозирование
952 Тип литературы __
i Дисциплина Эконометрика и ее применение в научных исследованиях
952 Тип литературы __
i Дисциплина Прикладная статистика, в т.ч. Эконометрика
952 Тип литературы __
i Дисциплина Прикладные эконометрические модели
952 Тип литературы __
i Дисциплина Эконометрические методы исследования и прогнозирования
952 Тип литературы __
i Дисциплина Методы эконометрического моделирования
952 Тип литературы __
i Дисциплина Прикладная эконометрика для финансового посредничества
952 Тип литературы __
i Дисциплина Современные эконометрические методы
952 Тип литературы __
i Дисциплина Статистика и эконометрика
952 Тип литературы __
i Дисциплина Эконометрическое моделирование неполных данных